| 000 | 00509nam a2200169 i 4500 | ||
|---|---|---|---|
| 001 | 29715 | ||
| 003 | ES-MaACL | ||
| 005 | 20250920063032.0 | ||
| 007 | t| | ||
| 008 | 030122s1918 fr ||||1| fre d | ||
| 100 | 1 |
_aBarrès, Maurice, _d1862-1923 _925947 |
|
| 245 | 1 | 2 |
_aL'ame française et la guerre _b: sur le chemir de l'Asia / _cMaurice Barrés. |
| 260 |
_aParís : _b[s.n., _c1918] ( _fChaix et Cie) |
||
| 300 |
_aXX, 404 p. ; _c19 cm. |
||
| 852 |
_aES-MaACL _jF-11251 |
||
| 999 |
_c29715 _d29715 |
||